Online Catalogue and eLibrary

Puthiya Chinthanaikal (Record no. 4232)

MARC details
000 -LEADER
fixed length control field 00386nam a2200145Ia 4500
005 - DATE AND TIME OF LATEST TRANSACTION
control field 20250307041640.0
008 - FIXED-LENGTH DATA ELEMENTS--GENERAL INFORMATION
fixed length control field 240331s9999 xx 000 0 und d
082 ## - DDC Classification
Item Number - Author Mark VEN
DDC Edition Number 2046
Class No. 894.811
100 ## - MAIN ENTRY--PERSONAL NAME
Personal name Venkadasubramanian, K
245 #0 - TITLE STATEMENT
Title Puthiya Chinthanaikal
260 ## - PUBLICATION, DISTRIBUTION, ETC.
Place of publication, distribution, etc. Madurai,
Name of publisher, distributor, etc. Annam P Ltd
Date of publication, distribution, etc. 1990
300 ## - PHYSICAL DESCRIPTION
Extent (e.g. Volumes, Pages etc.) 161 p.,
500 ## - GENERAL NOTE
General note A collection of essays by the author.
942 ## - Koha item type (Biblio)
Koha item type Books in Stacks (Lending)
Holdings
Lost status Damaged status Collection code Home library Current library Shelving location Date acquired Full call number Accession Number Item type
    Lending WERC Library WERC Library Social Science Cupboard 03/31/2024 894.811 VEN 2046 Books in Stacks (Lending)

© WERC Library